[Event "Novokuznetsk Old Stager op"]
[Site "Novokuznetsk"]
[Date "2015.02.15"]
[Round "9"]
[White "Temnikov, Anatoly"]
[Black "Bychkov, Alexandr Alexey"]
[Result "1-0"]
[WhiteElo "2189"]
[BlackElo "2085"]
[PlyCount "107"]
[EventDate "2015.01.10"]
[EventType "swiss"]
[EventRounds "9"]
[EventCountry "RUS"]
[SourceTitle "EXT 2018"]
[Source "ChessBase"]
[SourceDate "2017.10.13"]
[SourceVersion "1"]
[SourceVersionDate "2017.10.13"]
[SourceQuality "1"]

1. d4 Nf6 2. e3 d6 3. f4 Nbd7 4. Nf3 c5 5. Be2 e6 6. 0-0 Be7 7. a4 0-0 8. Na3 b6 9. Bd3 Bb7 10. Qe2 Ne4 11. c3 f5 12. Nc4 Ndf6 13. Ncd2 Qd7 14. Bb5 Bc6 15. Nxe4 Nxe4 16. Nd2 Qb7 17. Nxe4 Bxe4 18. Ba6 Qc7 19. Bc4 Rf6 20. Bd3 Bc6 21. Bb5 Rg6 22. Bxc6 Qxc6 23. Qf3 d5 24. b3 Rc8 25. Bd2 Qd7 26. Rfc1 Rf6 27. Qe2 Rff8 28. Qb5 Qd6 29. a5 Bd8 30. b4 c4 31. axb6 Bxb6 32. Ra6 Qd8 33. Qa4 Rc7 34. Qd1 Qh4 35. Qf3 Kh8 36. Be1 Qh6 37. h4 Rcf7 38. g3 Rf6 39. Rc2 Rg6 40. Rg2 Rg4 41. Qd1 Qh5 42. Qa4 Qf7 43. Qc6 g6 44. Bd2 Qe7 45. Bc1 Rf7 46. Ba3 Qd7 47. Qxd7 Rxd7 48. b5 Rb7 49. Kh2 Kg8 50. Rb2 Kf7 51. Bc5 Ke8 52. Bxb6 axb6 53. Ra8+ Kd7 54. Rba2 1-0

[Event "Novokuznetsk Old Stager op"]
[Site "Novokuznetsk"]
[Date "2015.01.25"]
[Round "5"]
[White "Spirin, Alexandr"]
[Black "Bychkov, Alexandr Alexey"]
[Result "0-1"]
[WhiteElo "1943"]
[BlackElo "2085"]
[PlyCount "142"]
[EventDate "2015.01.10"]
[EventType "swiss"]
[EventRounds "9"]
[EventCountry "RUS"]
[SourceTitle "EXT 2018"]
[Source "ChessBase"]
[SourceDate "2017.10.13"]
[SourceVersion "1"]
[SourceVersionDate "2017.10.13"]
[SourceQuality "1"]

1. Nf3 Nf6 2. b3 g6 3. Bb2 Bg7 4. e3 0-0 5. d4 Ne4 6. Nbd2 d5 7. Bd3 f5 8. 0-0 Nd7 9. c4 e6 10. Ne5 Nxe5 11. dxe5 Nxd2 12. Qxd2 dxc4 13. bxc4 c5 14. f4 b6 15. Qc2 Qe7 16. Rad1 Bb7 17. Rf2 Rad8 18. Rfd2 Rd7 19. Qa4 Rfd8 20. Bc3 Ba8 21. Qc2 Bc6 22. a4 g5 23. a5 gxf4 24. exf4 Bh6 25. g3 Qg7 26. Rf1 Qg4 27. Rff2 Kh8 28. axb6 axb6 29. Be2 Rxd2 30. Bxd2 Qg7 31. Qb2 Qb7 32. g4 fxg4 33. Bxg4 Rg8 34. h3 Bf3 35. Be3 Bxg4 36. hxg4 Rxg4+ 37. Rg2 Qg7 38. Qd2 Rxg2+ 39. Qxg2 Qxg2+ 40. Kxg2 Kg7 41. Kf3 Kg6 42. Ke4 Bf8 43. Bf2 Be7 44. Bg3 h5 45. Bf2 h4 46. Be1 Kh5 47. f5 Kg4 48. f6 Bf8 49. Bd2 Kh5 50. Bf4 Kg6 51. Bh2 Bh6 52. Bf4 h3 53. Bh2 Bd2 54. Kd3 Bc1 55. Ke4 Bg5 56. Bg3 Bh4 57. Bf4 Be1 58. Bh2 Bd2 59. Kd3 Bh6 60. Ke4 Kf7 61. Kf3 Ke8 62. Kg4 b5 63. cxb5 c4 64. Kh5 Bf8 65. Kg4 Bh6 66. Kh5 Be3 67. Kg6 Bc5 68. f7+ Kd7 69. b6 c3 70. Bg1 Be7 71. Kg7 c2 0-1

[Event "Novokuznetsk Old Stager op"]
[Site "Novokuznetsk"]
[Date "2015.01.11"]
[Round "2"]
[White "Bychkov, Alexandr Alexey"]
[Black "Popov, Yury"]
[Result "1-0"]
[WhiteElo "2085"]
[BlackElo "1989"]
[PlyCount "57"]
[EventDate "2015.01.10"]
[EventType "swiss"]
[EventRounds "9"]
[EventCountry "RUS"]
[SourceTitle "EXT 2018"]
[Source "ChessBase"]
[SourceDate "2017.10.13"]
[SourceVersion "1"]
[SourceVersionDate "2017.10.13"]
[SourceQuality "1"]

1. e4 c6 2. d4 d5 3. exd5 cxd5 4. c4 Nc6 5. Nc3 dxc4 6. d5 Ne5 7. Bf4 Ng6 8. Bg3 Qb6 9. Bxc4 a6 10. Qe2 Nf6 11. Nf3 Bd7 12. 0-0 Nh5 13. Be5 Nxe5 14. Nxe5 Nf6 15. Rad1 g6 16. d6 e6 17. Nxd7 Nxd7 18. Nd5 Qa7 19. Nc7+ Kd8 20. Nxa8 Qxa8 21. Rfe1 Bg7 22. Qf3 Rf8 23. Qh3 h5 24. Bxe6 Nc5 25. Bd5 Bxb2 26. Qh4+ f6 27. Qf4 Be5 28. Rxe5 fxe5 29. Qxf8+ 1-0

[Event "Novokuznetsk-ch"]
[Site "Novokuznetsk"]
[Date "2013.12.15"]
[Round "9"]
[White "Bychkov, Alexandr Alexey"]
[Black "Golovina, Darya"]
[Result "0-1"]
[WhiteElo "2113"]
[BlackElo "2003"]
[PlyCount "44"]
[EventDate "2013.11.17"]
[EventType "swiss"]
[EventRounds "9"]
[EventCountry "RUS"]
[SourceTitle "EXT 2015"]
[Source "ChessBase"]
[SourceDate "2014.11.20"]
[SourceVersion "1"]
[SourceVersionDate "2014.11.20"]
[SourceQuality "1"]

1. e4 d5 2. exd5 Qxd5 3. Nc3 Qa5 4. Nf3 c6 5. h3 Nf6 6. Bc4 Bf5 7. 0-0 Nbd7 8. Re1 e6 9. d3 Bd6 10. Bd2 Qc7 11. Qe2 0-0-0 12. Nd4 Bg6 13. b4 Nb6 14. Qe3 Nxc4 15. dxc4 Bxb4 16. Reb1 Bc5 17. Nce2 e5 18. c3 Bxb1 19. Rxb1 exd4 20. cxd4 Rhe8 21. Qd3 Ne4 22. Be3 Bd6 0-1

[Event "Novokuznetsk-ch"]
[Site "Novokuznetsk"]
[Date "2013.12.07"]
[Round "6"]
[White "Leonov, A."]
[Black "Bychkov, Alexandr Alexey"]
[Result "0-1"]
[WhiteElo "2141"]
[BlackElo "2113"]
[PlyCount "74"]
[EventDate "2013.11.17"]
[EventType "swiss"]
[EventRounds "9"]
[EventCountry "RUS"]
[SourceTitle "EXT 2015"]
[Source "ChessBase"]
[SourceDate "2014.11.20"]
[SourceVersion "1"]
[SourceVersionDate "2014.11.20"]
[SourceQuality "1"]

1. e4 c5 2. f4 b6 3. Nf3 Bb7 4. Nc3 e6 5. d3 d5 6. exd5 exd5 7. Be2 Nf6 8. 0-0 d4 9. Ne4 Nxe4 10. dxe4 Bxe4 11. Bb5+ Bc6 12. Re1+ Be7 13. Qe2 0-0 14. c3 dxc3 15. bxc3 Bf6 16. Bb2 a6 17. Bxc6 Nxc6 18. Ne5 Qc7 19. c4 Nd4 20. Qe4 Rad8 21. Ng4 Nf3+ 22. Qxf3 Bxb2 23. Rab1 Rd2 24. Re2 Bd4+ 25. Kh1 Rxe2 26. Qxe2 Qxf4 27. g3 Qf5 28. Rf1 Qg6 29. Nf2 f5 30. Nh3 Qc6+ 31. Qg2 Qxg2+ 32. Kxg2 b5 33. Rc1 Rb8 34. Nf4 bxc4 35. Rxc4 Rb2+ 36. Kh3 g5 37. Nd3 g4+ 0-1